Twister (Registo nº 889)

Detalhes MARC
000 -Etiqueta do registo
Cabeçalho 01286ngm0a2200349 i 4500
005 - Identificador da versão
Campo de controlo 20240819122948.0
035 ## - Other System Control Numbers
System Control Number 0000958
System Control Number 0000951
System Control Number 0000936
100 ## - Dados gerais de processamento
Dados gerais de processamento 20090320g a y0pory5003 ba
101 0# - Língua de publicação
Língua do texto, banda sonora, etc. Inglês
Língua das legendas Português
102 ## - Pais de publicação ou produção
País de publicação Portugal
115 ## - Campo de dados codificados: Projecções Visuais, Filmes e Vídeos
Dados modificados - geral c108bbz zzz c
200 1# - Titulo e menção de responsabilidade
Título próprio Twister
Título paralelo Tornado
Primeira menção de responsabilidade real. Jan de Bont
Indicação geral da natureza do documento registo vídeo
210 ## - Publicação, Distribuição, etc. 
Lugar da edição, distribuição, etc. PT
Nome do editor, distribuidor, etc. Universal
Data da publicação, distribuição, etc. 2002
215 ## - Descrição física 
Indicação específica da natureza do documento e extensão da espécie 1 DVD (PAL 2) (108 min.)
305 ## - Notas relativas à edição e história bibliográfica da publicação 
Texto da nota Data lançamento: 1996
306 ## - Notas relativas a publicação, distribuição, etc. 
Texto da nota Distribuidor cinema: Universal Pictures Portugal
322 ## - Nota aos responsáveis artísticos e técnicos (material de projecção e video e registos sonoros) 
Texto da nota Créditos: Produção Amblin Entertainment
323 ## - Nota ao elenco (material de projecção e video de registos sonoros) 
Texto da nota Elenco: Helen Hunt, Bill Paxton
327 1# - Nota de conteúdo 
Texto da nota Conteúdo: Legendas: português, inglês, espanhol, polaco; idioma: inglês
330 ## - Sumário ou Resumo
Texto da nota Sumário: Nesta rodopiante aventura com emoções vertiginosas e efeitos aterradores, Helen Hunt e Bill Paxton interpretam o papel de cientistas que perseguem a frente climatérica mais destrutiva que varreu o Corredor de Tornados, no centro dos Estados Unidos, nos últimos 50 anos.
333 ## - Nota relativa aos potenciais utilizadores
Texto da nota Classificação: M12
606 ## - Nome comum usado como assunto
Número de registo de entrada de autoridade 0001139
Palavra de ordem Filme
Subdivisão de assunto Drama
610 ## - Termos de indexação não controlados
Subject Term DVD cinema
675 ## - Classificação Decimal Universal (CDU)
Edição BN
Língua da edição por
686 ## - Outras classificações numéricas
Notação 733
Código do sistema FIAF
702 #1 - Nome de autor-pessoa física (responsabilidade secundária)
Número de registo de entrada de autoridade 0001154
Palavra de ordem De Bont
Outra parte do nome não tomada para palavra de ordem Jan
Código de função Diretor / Director teatral / Realizador
942 ## - Elementos de entrada adicionados (Koha)
Tipo de item no Koha DVD
966 ## - Identificação da Biblioteca
Sigla NUMETECA
Exemplares
Situação do levantamento Origin of item (home branch) (coded) Biblioteca de empréstimo Código de barras Cota Circulation type (not for loan) Tipo de documento Nota do exemplar Damaged status
  Biblioteca Escolar Eng. Nuno Mergulhão Biblioteca Escolar Eng. Nuno Mergulhão BENM98DVD F TWI 98   DVD Sem mensagem